• 首页
  • 本馆介绍
  • 公告通知
  • 最新文献
  • 馆藏检索
  • 电子资源
  • 读者导购
  • 参考咨询
  • 我的图书馆
  • 登录
  • 详细信息显示
  • 放入我的书架
  • 预约/预借图书
  • 作者相关作品
  • 分类相关作品
  • 丛书相关作品
  • 出版社相关作品

书目信息

  • 表格格式
  • 工作单格式
  • 卡片格式
题名:
中国农业年鉴
    
 
作者: ;中国农业年鉴编委会 编
分册:  
出版信息: 北京   中国农业出版社  1988.12
页数: 577页
开本: 26cm
丛书名:
单 册:
中图分类: S54
科图分类:
主题词: 饲料作物 , 牧草
电子资源:
ISBN: 7-109-01121-6
000 00646nam0 2200217 45
001 0409221793
005 20040922174034.2
010    @a7-109-01121-6@b精装@dCNY25.00
100    @a20040922d1988 km y0chiy0120 ea
101 0  @achi
105    @a z 000yy
200 1  @a中国农业年鉴@AZhong Guo Nong Ye Nian Jian@e1988@f中国农业年鉴编委会编@FZhong Guo Nong Ye Nian Jian Bian Wei Hui Bian
210    @a北京@c中国农业出版社@d1988.12
215    @a577页@c彩图@d26cm
517    @a1988
606 0  @a饲料作物
606 0  @a牧草
690    @aS54@v3
711 02 @a中国农业年鉴编委会@4编
801    @aCN@bPftUser@c20040922
905    @f1@b231180@dS54@e9:1988
    
    中国农业年鉴:1988/中国农业年鉴编委会编.-北京:中国农业出版社,1988.12
    577页:彩图;26cm
    
    
    ISBN 7-109-01121-6(精装):CNY25.00
    
●
相关链接 在E读中查询图书 在五车中查询图书 在当当中查询图书 在豆瓣中查询图书


正题名:中国农业年鉴     索取号:S54/9:1988         预约/预借

序号 登录号 条形码 馆藏地/架位号 状态 备注
1 0231180   001961372   第二样本阅览室/ [索取号:S54/9:1988] 在馆    
唐山师范学院图书馆 欢迎您!
大连网信软件有限公司© 版权所有